Najchętniej słuchanych polskich twórców muzyki na Spotify - Statystyki

Ogólne statystyki
  • Ten quiz został rozwiązany 95 razy
  • Średni wynik to 5 z 10
Statystyki odpowiedzi
Hint Odpowiedź % Poprawnych
5. Mata
81%
2. sanah
77%
1. Dawid Podsiadło
68%
3. Taco Hemingway
62%
10. Quebonafide
58%
7. White 2115
55%
6. Oki
46%
9. Sobel
46%
4. Malik Montana
35%
8. Gibbs
17%
Nie znaleziono quizów pasujących do podanych kryteriów
Rozkład punktacji
Procent ludzi z każdym wynikiem
Percentyl według liczby udzielonych odpowiedzi
Twoja historia wyników
Nie rozwiązałeś tego quizu